Начало пути: поколение со средним образованием

Podrobná bibliografie
Další autoři: Титма М. Х. Микк Харриевич (редактор)
Jazyk:ruština
Vydáno: Москва, Наука, 1989
Témata:
Médium: Kniha
KOHA link:https://koha.lib.tpu.ru/cgi-bin/koha/opac-detail.pl?biblionumber=15345

MARC

LEADER 00000nam0a2200000 4500
001 15345
005 20231030190207.0
010 |a 5020133310 
035 |a (RuTPU)RU\TPU\book\15452 
035 |a BOOK00000140 
090 |a 15345 
100 |a 20011209d1989 k y0rusy50 ca 
101 0 |a rus 
102 |a RU 
105 |a y z 000zy 
200 1 |a Начало пути: поколение со средним образованием  |f Под ред. М. Х. Титма 
210 |a Москва  |c Наука  |d 1989 
215 |a 240 с. 
610 1 |a социология 
610 1 |a личность 
610 1 |a молодежь 
610 1 |a образование 
610 1 |a среднее образование 
686 |a С55.32  |v LBC/SL-A  |2 rubbk 
702 1 |a Титма  |b М. Х.  |g Микк Харриевич  |4 340 
801 0 |a RU  |b 63413507  |c 20011209  |g PSBO 
801 2 |a RU  |b 63413507  |c 20110621  |g PSBO 
942 |c BK